[Event "Ernst Rasmussen BDG tournament"]
[Site "Port Townsend"]
[Date "2010.10.23"]
[Round "3"]
[White "McGuire, Dennis"]
[Black "Chase, Stephen L Jr"]
[Result "0-1"]
[WhiteElo "1195"]
[BlackElo "1567"]
[PlyCount "40"]
[EventDate "2010.10.23"]
[EventType "swiss (rapid)"]
[EventRounds "4"]
[EventCountry "USA"]
[SourceTitle "EXT 2017"]
[Source "ChessBase"]
[SourceDate "2016.10.25"]
[SourceVersion "1"]
[SourceVersionDate "2016.10.25"]
[SourceQuality "1"]

1. d4 d5 2. e4 dxe4 3. Nc3 Nf6 4. f3 exf3 5. Nxf3 e6 6. Bd3 Be7 7. 0-0 0-0 8. Ne4 Nbd7 9. Qe1 Nxe4 10. Bxe4 Nf6 11. Bd3 c5 12. dxc5 Bxc5+ 13. Kh1 Re8 14. Qh4 e5 15. Bc4 Ng4 16. Bxf7+ Kh8 17. Ng5 h6 18. Bc4 Qe7 19. Nf7+ Kh7 20. Bxh6 Qxh4 0-1